Historia de la literatura española.
সংরক্ষণ করুন:
| প্রধান লেখক: | |
|---|---|
| বিন্যাস: | অজ্ঞাত |
| ভাষা: | ইংরেজি |
| প্রকাশিত: |
Barcelona, España:
Crítica,
2011.
|
| সংস্করন: | Primera edición. |
| বিষয়গুলি: | |
| ট্যাগগুলো: |
ট্যাগ যুক্ত করুন
কোনো ট্যাগ নেই, প্রথমজন হিসাবে ট্যাগ করুন!
|
MARC
| LEADER | 00000 a2200000 4500 | ||
|---|---|---|---|
| 003 | CL-VaPUC | ||
| 005 | 20231123162523.0 | ||
| 008 | 231113t2011 ||||| |||| 00| 0 eng d | ||
| 999 | |c 442308 |d 442306 | ||
| 020 | |a 978-84-9892-264-6 | ||
| 040 | |c Pontificia Universidad Católica de Valparaíso | ||
| 082 | |2 22 |a 860.9 ALB 2011 | ||
| 100 | |a Albiac Blanco, María Dolores |9 885582 |e autora | ||
| 245 | |a Historia de la literatura española. | ||
| 250 | |a Primera edición. | ||
| 260 | |a Barcelona, España: |b Crítica, |c 2011. | ||
| 300 | |a Tomo 4. | ||
| 505 | |a t.4: Razón y sentimiento. El siglo de las Luces (1692-1800). | ||
| 583 | |k GC |c 20231113 | ||
| 650 | 0 | |9 306261 |a Literatura española |v Historia |y Siglos 17-19 | |
| 942 | |2 ddc |c BK | ||
| 952 | |0 0 |1 0 |2 ddc |4 0 |6 860_900000000000000_ALB_2011 |7 0 |8 R |9 592316 |a BIBEDU |b BIBEDU |c MCIRC |d 2023-11-08 |e 1 |g 68449.00 |h t.4 |i 5659343 |o 860.9 ALB 2011 |p 5659343 |r 2023-11-08 |t 1 |v 68449.00 |w 2023-11-08 |y BK_R |k LIT | ||